[Event "Madrid-chT Honor 2122"]
[Site "Madrid"]
[Date "2021.12.18"]
[Round "3.6"]
[White "Hernandez Ramos, Alberto"]
[Black "Rey Martinez, Jaime"]
[Result "1-0"]
[WhiteElo "2084"]
[BlackElo "2042"]
[PlyCount "41"]
[EventDate "2021.11.27"]
[EventType "team-tourn"]
[EventRounds "14"]
[EventCountry "ESP"]
[SourceTitle "EXT 2024"]
[Source "ChessBase"]
[SourceDate "2023.10.10"]
[SourceVersion "1"]
[SourceVersionDate "2023.10.10"]
[SourceQuality "1"]
[WhiteTeam "San Sebastian de los Reyes"]
[BlackTeam "Virgen de Atocha"]
[WhiteTeamCountry "ESP"]
[BlackTeamCountry "ESP"]

1. e4 c5 2. Nf3 Nc6 3. d4 cxd4 4. Nxd4 Nf6 5. Nc3 e6 6. Bg5 Bb4 7. Nxc6 bxc6 8. Qd4 c5 9. Qe3 h6 10. Bxf6 Qxf6 11. e5 Qd8 12. 0-0-0 Rb8 13. Ne4 0-0 14. c3 Ba5 15. Bd3 Bb7 16. Bb1 Qb6 17. Nf6+ gxf6 18. exf6 Be4 19. Rd2 Bxc3 20. Qxe4 Bxd2+ 21. Kd1 1-0

[Event "Madrid-chT 2021"]
[Site "Madrid"]
[Date "2021.03.06"]
[Round "3.5"]
[White "Renteria Becerra, Jorge Elicer"]
[Black "Hernandez Ramos, Alberto"]
[Result "1/2-1/2"]
[WhiteElo "2262"]
[BlackElo "2066"]
[PlyCount "117"]
[EventDate "2021.01.23"]
[EventType "team-tourn"]
[EventRounds "14"]
[EventCountry "ESP"]
[SourceTitle "EXT 2022"]
[Source "ChessBase"]
[SourceDate "2021.10.06"]
[SourceVersion "1"]
[SourceVersionDate "2021.10.06"]
[SourceQuality "1"]
[WhiteTeam "Blanco y Negro"]
[BlackTeam "San Sebastian de los Reyes"]
[WhiteTeamCountry "ESP"]
[BlackTeamCountry "ESP"]

1. e4 e5 2. Nf3 Nc6 3. Bc4 Bc5 4. d3 Nf6 5. c3 a6 6. 0-0 Ba7 7. Bb3 d6 8. Re1 h6 9. Nbd2 0-0 10. Nf1 Ne7 11. h3 Ng6 12. Ng3 Re8 13. Be3 Be6 14. Bxe6 Rxe6 15. Bxa7 Rxa7 16. d4 Ra8 17. Qb3 Rb8 18. Rad1 Qc8 19. dxe5 dxe5 20. Rd2 Rb6 21. Qa4 Qe8 22. Qc2 Qe6 23. b3 Re8 24. c4 Rc6 25. Qb2 Rd6 26. Red1 Red8 27. c5 Rxd2 28. Rxd2 Rd7 29. Qc3 Qc6 30. b4 Rxd2 31. Nxd2 h5 32. f3 Qa4 33. Qb3 Qd7 34. Nc4 Qd4+ 35. Ne3 Nf4 36. Ngf5 Qd2 37. Kh2 Ne6 38. Nc4 Qf4+ 39. g3 Qc1 40. Qd3 Qa1 41. Qd2 h4 42. Nxh4 g6 43. Kg2 Nh5 44. Ne3 Qb1 45. Ng4 Qa1 46. Kh2 c6 47. Ng2 Kg7 48. Ne1 Kg8 49. Ng2 Kg7 50. Qd6 Qxa2 51. Qxe5+ Kg8 52. Nf6+ Nxf6 53. Qxf6 Qd2 54. f4 Nd4 55. h4 Nf3+ 56. Kh3 Ng1+ 57. Kh2 Nf3+ 58. Kh3 Ng1+ 59. Kh2 1/2-1/2

[Event "San Sebastian Reyes"]
[Site "San Sebastian de los Reyes"]
[Date "2020.12.07"]
[Round "3"]
[White "Hernandez Ramos, Alberto"]
[Black "Anton Quevedo, Andrea"]
[Result "1-0"]
[WhiteElo "2003"]
[BlackElo "1893"]
[PlyCount "71"]
[EventDate "2020.12.05"]
[EventType "tourn"]
[EventRounds "7"]
[EventCountry "ESP"]
[SourceTitle "EXT 2022"]
[Source "ChessBase"]
[SourceDate "2021.10.06"]
[SourceVersion "1"]
[SourceVersionDate "2021.10.06"]
[SourceQuality "1"]

1. e4 c5 2. Nf3 e6 3. g3 Nc6 4. Bg2 Qc7 5. Nc3 a6 6. 0-0 Nf6 7. Re1 d6 8. d4 cxd4 9. Nxd4 Nxd4 10. Qxd4 Be7 11. Qd3 0-0 12. Bf4 Qb6 13. Rad1 Ng4 14. Qd2 Ne5 15. b3 Rd8 16. Be3 Qc7 17. h3 b5 18. f4 Nc6 19. Qf2 Rb8 20. Ne2 Bf6 21. g4 Nb4 22. e5 dxe5 23. Ba7 Rxd1 24. Rxd1 Qxc2 25. Rc1 Qd2 26. Bxb8 Bd7 27. Be4 Nxa2 28. Rc2 Qb4 29. Qe3 exf4 30. Qd3 Qe1+ 31. Kg2 Bh4 32. Ba7 Be8 33. Rc8 Kf8 34. Bc5+ Be7 35. Rxe8+ Kxe8 36. Bc6+ 1-0

[Event "ESP-ch 85th"]
[Site "Linares"]
[Date "2020.08.31"]
[Round "1"]
[White "Ayats Llobera, Gerard"]
[Black "Hernandez Ramos, Alberto"]
[Result "1-0"]
[WhiteElo "2376"]
[BlackElo "2012"]
[PlyCount "73"]
[EventDate "2020.08.31"]
[EventType "swiss"]
[EventRounds "9"]
[EventCountry "ESP"]
[SourceTitle "EXT 2021"]
[Source "ChessBase"]
[SourceDate "2020.10.23"]
[SourceVersion "1"]
[SourceVersionDate "2020.10.23"]
[SourceQuality "1"]

1. e4 e5 2. Nf3 Nc6 3. Bb5 a6 4. Ba4 Nf6 5. 0-0 Be7 6. Re1 d6 7. Bxc6+ bxc6 8. d4 exd4 9. Nxd4 Bd7 10. Nc3 Rb8 11. Qf3 0-0 12. e5 Ng4 13. Nxc6 Bxc6 14. Qxc6 dxe5 15. h3 Rb6 16. Qc4 Nf6 17. Rxe5 Bd6 18. Re1 Re8 19. Bg5 Rxe1+ 20. Rxe1 h6 21. Bxf6 gxf6 22. Qg4+ Kh8 23. Nd5 Rb5 24. c4 Rb8 25. Qh4 Kg7 26. Qg4+ Kh8 27. Qh5 Kg7 28. Re4 Qh8 29. Qf5 Be5 30. Rg4+ Kf8 31. Qd7 Re8 32. Nxc7 Bxc7 33. Qxc7 f5 34. Qd6+ Re7 35. Rd4 Qg7 36. Qb8+ Re8 37. Rd8 1-0

[Event "ESP-chT CECLUB Div2"]
[Site "Linares"]
[Date "2020.08.27"]
[Round "5.5"]
[White "Sanleon Pravisano, Nieves"]
[Black "Hernandez Ramos, Alberto"]
[Result "0-1"]
[WhiteElo "1864"]
[BlackElo "2012"]
[PlyCount "124"]
[EventDate "2020.08.24"]
[EventType "team-tourn"]
[EventRounds "6"]
[EventCountry "ESP"]
[SourceTitle "CBM 198 Extra"]
[Source "ChessBase"]
[SourceDate "2020.11.30"]
[SourceVersion "1"]
[SourceVersionDate "2020.11.30"]
[SourceQuality "1"]
[WhiteTeam "Xeraco CE"]
[BlackTeam "San Sebastian de los Reyes"]
[WhiteTeamCountry "ESP"]
[BlackTeamCountry "ESP"]

1. d4 d5 2. c4 c6 3. Nf3 Nf6 4. Nc3 dxc4 5. a4 Bf5 6. e3 e6 7. Bxc4 Bb4 8. 0-0 0-0 9. Qe2 Nbd7 10. Nh4 Bg4 11. f3 Bh5 12. g4 Nd5 13. Ng2 Bg6 14. Bd2 Qa5 15. Rfc1 Rfe8 16. f4 N5b6 17. Bb3 c5 18. Nh4 cxd4 19. exd4 Nf6 20. Qf3 Rad8 21. Nxg6 hxg6 22. Be3 Nbd5 23. Bf2 Bd6 24. Ne2 Qb6 25. a5 Qb4 26. Be1 Qb5 27. Ba4 Qa6 28. Bxe8 Rxe8 29. Bd2 Qb5 30. b3 Qd7 31. Ng3 Rd8 32. Rc4 a6 33. Rac1 Ne7 34. Ne4 Nxe4 35. Qxe4 Nd5 36. Kg2 Bb8 37. h4 Ba7 38. Bb4 Nf6 39. Qf3 Nd5 40. Qe4 Nf6 41. Qf3 Bb8 42. Bd2 Nd5 43. Qe4 Qe8 44. Rh1 Qb5 45. Rh3 Nf6 46. Qf3 Ba7 47. Qc3 Ne4 48. Qd3 Qd5 49. Rf3 Bb8 50. Kh3 f5 51. g5 e5 52. Kg2 Nxd2 53. Qxd2 e4 54. Re3 Bxf4 55. Qe2 Bxe3 56. Qxe3 f4 57. Qxf4 Rf8 58. Qe5 Qf7 59. Rc1 Qf2+ 60. Kh1 Rf4 61. Qe6+ Kh7 62. Rc3 Qe1+ 0-1

[Event "ESP-chT CECLUB Div2"]
[Site "Linares"]
[Date "2020.08.25"]
[Round "3.5"]
[White "Gaspar Lopez, Rocio1111"]
[Black "Hernandez Ramos, Alberto"]
[Result "0-1"]
[WhiteElo "1591"]
[BlackElo "2012"]
[PlyCount "84"]
[EventDate "2020.08.24"]
[EventType "team-tourn"]
[EventRounds "6"]
[EventCountry "ESP"]
[SourceTitle "CBM 198 Extra"]
[Source "ChessBase"]
[SourceDate "2020.11.30"]
[SourceVersion "1"]
[SourceVersionDate "2020.11.30"]
[SourceQuality "1"]
[WhiteTeam "Coin CC"]
[BlackTeam "San Sebastian de los Reyes"]
[WhiteTeamCountry "ESP"]
[BlackTeamCountry "ESP"]

1. e4 e5 2. Nf3 Nc6 3. Bc4 Bc5 4. b4 Bxb4 5. c3 Be7 6. d4 Na5 7. Be2 exd4 8. cxd4 d5 9. e5 c5 10. 0-0 c4 11. Na3 Bf5 12. Nc2 Nc6 13. Ne3 Bg6 14. h3 Nh6 15. Nh2 0-0 16. g4 f6 17. f4 Be4 18. Bf3 fxe5 19. Bxe4 dxe4 20. dxe5 Bc5 21. Kg2 Qxd1 22. Nxd1 b5 23. Nf2 Bxf2 24. Rxf2 Nf7 25. Be3 Rfe8 26. Nf1 g5 27. Ng3 gxf4 28. Rxf4 Nfxe5 29. Rxe4 Nd3 30. Bh6 Nc5 31. Rf4 Ne7 32. Rf5 Nd3 33. Raf1 Ng6 34. Bd2 Nh4+ 35. Kg1 Nxf5 36. Rxf5 b4 37. Nh5 Re6 38. Nf6+ Kg7 39. Nh5+ Kg8 40. Nf6+ Kh8 41. Nd5 c3 42. Nxb4 cxd2 0-1

[Event "San Sebastian de los Reyes op U2200 2nd"]
[Site "San Sebastian de los Reyes"]
[Date "2019.05.12"]
[Round "2"]
[White "Fernandez Coya, Jose Luis"]
[Black "Hernandez Ramos, Alberto"]
[Result "0-1"]
[WhiteElo "1614"]
[BlackElo "1958"]
[PlyCount "58"]
[EventDate "2019.05.11"]
[EventType "swiss"]
[EventRounds "6"]
[EventCountry "ESP"]
[SourceTitle "EXT 2024"]
[Source "ChessBase"]
[SourceDate "2023.10.10"]
[SourceVersion "1"]
[SourceVersionDate "2023.10.10"]
[SourceQuality "1"]

1. d4 d5 2. Bf4 Bf5 3. e3 Nf6 4. Nf3 e6 5. c4 Bxb1 6. Rxb1 Bb4+ 7. Nd2 Ne4 8. Qa4+ Nc6 9. Rd1 0-0 10. a3 Bxd2+ 11. Rxd2 Nxd2 12. Kxd2 dxc4 13. Qxc4 e5 14. Bg3 exd4 15. exd4 Qg5+ 16. Kc2 Rad8 17. Kb1 Rxd4 18. Qc2 Rd2 19. Qa4 Qf5+ 20. Ka1 Nd4 21. Ka2 b5 22. Bxb5 Rb8 23. Re1 Qd5+ 24. Bc4 Rbxb2+ 25. Ka1 Ra2+ 26. Kb1 Qf5+ 27. Kc1 Rdc2+ 28. Kb1 Rcb2+ 29. Kc1 Qb1# 0-1

[Event "San Sebastian de los Reyes op U2200 2nd"]
[Site "San Sebastian de los Reyes"]
[Date "2019.05.11"]
[Round "1"]
[White "Hernandez Ramos, Alberto"]
[Black "Solanilla Olcese, Ada"]
[Result "1-0"]
[WhiteElo "1958"]
[BlackElo "1429"]
[PlyCount "115"]
[EventDate "2019.05.11"]
[EventType "swiss"]
[EventRounds "6"]
[EventCountry "ESP"]
[SourceTitle "EXT 2024"]
[Source "ChessBase"]
[SourceDate "2023.10.10"]
[SourceVersion "1"]
[SourceVersionDate "2023.10.10"]
[SourceQuality "1"]

1. e4 e5 2. Nf3 Nc6 3. Bc4 Nf6 4. Ng5 d5 5. exd5 Na5 6. Bb5+ c6 7. dxc6 bxc6 8. Be2 h6 9. Nf3 e4 10. Ne5 Qc7 11. d4 exd3 12. Nxd3 Bd6 13. h3 0-0 14. Nd2 Re8 15. b4 Nb7 16. Bb2 Re6 17. 0-0 Nd5 18. a3 Bd7 19. Bg4 Rg6 20. Bxd7 Qxd7 21. Qf3 Ne7 22. Nc4 Qf5 23. Qxf5 Nxf5 24. Nxd6 Nbxd6 25. Nf4 Rg5 26. Rad1 Nc4 27. Bc1 Re8 28. Kh2 Nh4 29. Rd4 Ne5 30. Kh1 Nf5 31. Rdd1 Nh4 32. Rfe1 Rf5 33. Rd4 g5 34. Nd3 f6 35. Rde4 Nhg6 36. g4 Rf3 37. Kh2 Kf7 38. Nxe5+ Rxe5 39. Rxe5 Nxe5 40. Be3 Nc4 41. Kg2 Ne5 42. Rd1 Ke6 43. Rd8 f5 44. Re8+ Kd6 45. Rxe5 Kxe5 46. Kxf3 f4 47. Bxa7 Kd6 48. c4 Kc7 49. b5 cxb5 50. cxb5 Kb7 51. Bd4 Kb8 52. Ke4 Kc7 53. Kd5 Kd7 54. b6 Kc8 55. Kc6 Kb8 56. b7 f3 57. Kb6 h5 58. Be5# 1-0

[Event "San Sebastian de los Reyes op 20th"]
[Site "San Sebastian"]
[Date "2018.12.02"]
[Round "2"]
[White "Hernandez Ramos, Alberto"]
[Black "Pindado Campos, Raul"]
[Result "1/2-1/2"]
[WhiteElo "1917"]
[BlackElo "2065"]
[PlyCount "59"]
[EventDate "2018.12.01"]
[EventType "swiss"]
[EventRounds "9"]
[EventCountry "ESP"]
[SourceTitle "CBM 187 Extra"]
[Source "ChessBase"]
[SourceDate "2018.11.04"]
[SourceVersion "1"]
[SourceVersionDate "2018.11.04"]
[SourceQuality "1"]

1. e4 c5 2. Nf3 d6 3. d4 cxd4 4. Nxd4 Nf6 5. Nc3 g6 6. f3 Bg7 7. Be3 0-0 8. Qd2 Nc6 9. 0-0-0 d5 10. Kb1 Nxd4 11. Bxd4 dxe4 12. fxe4 Be6 13. Bxf6 exf6 14. Qxd8 Rfxd8 15. Be2 f5 16. exf5 Bxf5 17. Bf3 Bxc3 18. bxc3 Rdc8 19. Kb2 Rc7 20. Rhe1 Rac8 21. Re3 h5 22. Rd4 Be6 23. Bd5 Bxd5 24. Rxd5 Kf8 25. Kb3 Re8 26. Rdd3 Rxe3 27. Rxe3 Rc5 28. c4 Rf5 29. Re2 Rf1 30. Kb4 1/2-1/2

[Event "San Sebastian de los Reyes op 15th"]
[Site "San Sebastian"]
[Date "2013.12.07"]
[Round "8"]
[White "Hernandez Ramos, Alberto"]
[Black "Marcos Herrero, Francisco"]
[Result "0-1"]
[WhiteElo "1457"]
[BlackElo "1939"]
[PlyCount "68"]
[EventDate "2013.11.30"]
[EventType "swiss"]
[EventRounds "9"]
[EventCountry "ESP"]
[SourceTitle "CBM 157 Extra"]
[Source "ChessBase"]
[SourceDate "2013.12.19"]
[SourceVersion "1"]
[SourceVersionDate "2013.12.19"]
[SourceQuality "1"]

1. e4 c5 2. Nf3 d6 3. d4 Nf6 4. Nc3 cxd4 5. Nxd4 g6 6. f3 Bg7 7. Be3 Nc6 8. Qd2 Bd7 9. Bc4 0-0 10. 0-0-0 Rc8 11. Bb3 Ne5 12. Bh6 Bxh6 13. Qxh6 Rxc3 14. bxc3 Qa5 15. Qd2 Rc8 16. Kb2 Qc5 17. Rhe1 a5 18. f4 Nc4+ 19. Bxc4 Qxc4 20. Qd3 Qc7 21. Rb1 e5 22. fxe5 dxe5 23. Ne2 Be6 24. Ng3 Nd7 25. Red1 Nc5 26. Qb5 Bd7 27. Rxd7 Nxd7 28. Ne2 Nb6 29. Kc1 Nc4 30. Qxb7 Qc5 31. Kd1 Rd8+ 32. Ke1 Ne3 33. Qb6 Nxc2+ 34. Kf1 Rd1+ 0-1

[Event "San Sebastian de los Reyes op 15th"]
[Site "San Sebastian"]
[Date "2013.12.05"]
[Round "6"]
[White "Hernandez Ramos, Alberto"]
[Black "Jimenez Perez, Federico"]
[Result "1-0"]
[WhiteElo "1457"]
[BlackElo "1289"]
[PlyCount "91"]
[EventDate "2013.11.30"]
[EventType "swiss"]
[EventRounds "9"]
[EventCountry "ESP"]
[SourceTitle "CBM 157 Extra"]
[Source "ChessBase"]
[SourceDate "2013.12.19"]
[SourceVersion "1"]
[SourceVersionDate "2013.12.19"]
[SourceQuality "1"]

1. e4 c5 2. Nf3 d6 3. d4 cxd4 4. Nxd4 Nf6 5. Nc3 g6 6. f3 Bg7 7. Be3 0-0 8. Qd2 Nc6 9. Bc4 Bd7 10. 0-0-0 Rc8 11. Bb3 Nxd4 12. Bxd4 e5 13. Be3 Bc6 14. Qxd6 Qa5 15. Qd2 Rcd8 16. Qf2 Nh5 17. g3 b6 18. Bg5 Nf6 19. Qe3 Rd4 20. h4 h5 21. Bxf6 Bxf6 22. g4 Kh7 23. Kb1 Be7 24. Rxd4 exd4 25. Qxd4 Rd8 26. Qc4 Be8 27. Nd5 Rd7 28. Ba4 Rd8 29. Nxe7 Qd2 30. Nd5 Kg7 31. Bxe8 Rxe8 32. Qc3+ Qxc3 33. Nxc3 f5 34. g5 fxe4 35. fxe4 b5 36. b4 a6 37. Rf1 Rf8 38. Rxf8 Kxf8 39. Nd5 Kf7 40. Nf4 Kg7 41. Kb2 Kf7 42. e5 Kg7 43. a4 bxa4 44. c4 Kf7 45. b5 axb5 46. cxb5 1-0

[Event "San Sebastian de los Reyes op 15th"]
[Site "San Sebastian"]
[Date "2013.12.02"]
[Round "3"]
[White "Hernandez Ramos, Alberto"]
[Black "Cavalle Pulla, Daniel"]
[Result "1/2-1/2"]
[WhiteElo "1457"]
[BlackElo "1985"]
[PlyCount "89"]
[EventDate "2013.11.30"]
[EventType "swiss"]
[EventRounds "9"]
[EventCountry "ESP"]
[SourceTitle "CBM 157 Extra"]
[Source "ChessBase"]
[SourceDate "2013.12.19"]
[SourceVersion "1"]
[SourceVersionDate "2013.12.19"]
[SourceQuality "1"]

1. e4 c5 2. Nf3 e6 3. d4 cxd4 4. Nxd4 Nf6 5. Nc3 Bb4 6. f3 Nc6 7. Bf4 Qa5 8. Qd2 d5 9. Ndb5 0-0 10. Bc7 Bxc3 11. Qxc3 Qxc3+ 12. Nxc3 dxe4 13. fxe4 b6 14. 0-0-0 Bb7 15. Bc4 Rac8 16. Bg3 Na5 17. Bd3 Nh5 18. Bd6 Rfd8 19. Be7 Rd7 20. Bg5 h6 21. Be3 Nf6 22. h3 Rcd8 23. Rhg1 Nc6 24. Bb5 Rxd1+ 25. Rxd1 Rxd1+ 26. Kxd1 Ne5 27. Bd3 Nfd7 28. Bd4 Kf8 29. Kd2 Ng6 30. g3 Nge5 31. Ke2 Nc6 32. Be3 Nde5 33. Nb5 Ke7 34. Nd4 Nb4 35. a3 Nbxd3 36. cxd3 Ba6 37. Kd2 Bxd3 38. Bf4 f6 39. Bxe5 fxe5 40. Kxd3 exd4 41. e5 Kd7 42. Kxd4 Kc6 43. Kc4 a6 44. b4 Kd7 45. a4 1/2-1/2

[Event "San Sebastian de los Reyes op 14th"]
[Site "San Sebastian"]
[Date "2012.12.09"]
[Round "9"]
[White "Hernandez Ramos, Alberto"]
[Black "Hernandez Ramos, David"]
[Result "0-1"]
[WhiteElo "1425"]
[BlackElo "1701"]
[PlyCount "70"]
[EventDate "2012.12.01"]
[EventType "swiss"]
[EventRounds "9"]
[EventCountry "ESP"]
[SourceTitle "CBM 151 Extra"]
[Source "ChessBase"]
[SourceDate "2012.12.18"]
[SourceVersion "1"]
[SourceVersionDate "2012.12.18"]
[SourceQuality "1"]

1. e4 e6 2. d4 d5 3. e5 c5 4. c3 Nc6 5. Nf3 Qb6 6. a3 a5 7. Bd3 c4 8. Bc2 Nge7 9. 0-0 Bd7 10. Nbd2 Qa6 11. b3 b5 12. a4 b4 13. cxb4 axb4 14. bxc4 dxc4 15. Qe2 Na5 16. Be4 Bc6 17. Rb1 Bxe4 18. Nxe4 Nd5 19. Nfd2 c3 20. Qxa6 Rxa6 21. Nf3 b3 22. Ne1 c2 23. Ra1 Nc4 24. Nd3 Nb4 25. Nb2 Nxb2 26. Bxb2 Nd3 27. Bc3 Be7 28. f3 0-0 29. Nf2 Nf4 30. Rfe1 Rfa8 31. g3 Nd5 32. Bb2 Rxa4 33. Nd3 Rxa1 34. Rxa1 Rxa1+ 35. Bxa1 Ba3 0-1

[Event "San Sebastian de los Reyes op 14th"]
[Site "San Sebastian"]
[Date "2012.12.02"]
[Round "2"]
[White "Lozano Sanchez, Jose Antonio"]
[Black "Hernandez Ramos, Alberto"]
[Result "1-0"]
[WhiteElo "1893"]
[BlackElo "1425"]
[PlyCount "69"]
[EventDate "2012.12.01"]
[EventType "swiss"]
[EventRounds "9"]
[EventCountry "ESP"]
[SourceTitle "CBM 151 Extra"]
[Source "ChessBase"]
[SourceDate "2012.12.18"]
[SourceVersion "1"]
[SourceVersionDate "2012.12.18"]
[SourceQuality "1"]

1. e4 d5 2. exd5 Qxd5 3. Qf3 Nf6 4. Nc3 Qxf3 5. Nxf3 Nc6 6. Bb5 Bd7 7. a3 a6 8. Bc4 e5 9. Ng5 Nd8 10. d3 h6 11. Nf3 Nc6 12. h3 b5 13. Nd5 Nxd5 14. Bxd5 Bd6 15. 0-0 0-0 16. b3 Rab8 17. Bb2 Ne7 18. c4 c6 19. Bxe5 Bxe5 20. Nxe5 Be8 21. Bf3 f6 22. Ng4 bxc4 23. bxc4 Bg6 24. Rfe1 Kf7 25. Be4 Rb3 26. Re3 h5 27. Bxg6+ Nxg6 28. d4 Rb2 29. Nh2 Rc2 30. c5 Rd8 31. Nf3 Ne7 32. Rb1 Nd5 33. Rb7+ Kg6 34. Nh4+ Kg5 35. Rxg7+ 1-0

[Event "Madrid Oliver Gonzalez Memorial-B 3rd"]
[Site "Madrid"]
[Date "2012.09.08"]
[Round "8"]
[White "Hernandez Ramos, Alberto"]
[Black "Fernandez Garcia, Ignacio"]
[Result "0-1"]
[WhiteElo "1422"]
[BlackElo "1832"]
[PlyCount "60"]
[EventDate "2012.09.01"]
[EventType "swiss"]
[EventRounds "9"]
[EventCountry "ESP"]
[SourceTitle "CBM 150 Extra"]
[Source "ChessBase"]
[SourceDate "2012.10.19"]
[SourceVersion "1"]
[SourceVersionDate "2012.10.19"]
[SourceQuality "1"]

1. e4 d6 2. d4 g6 3. Nf3 Bg7 4. Bf4 Nf6 5. Nc3 0-0 6. h3 Nc6 7. Bc4 Nd7 8. 0-0 e5 9. Bg5 Bf6 10. Bxf6 Nxf6 11. d5 Ne7 12. Qd2 Kg7 13. Rad1 Nh5 14. Ne2 h6 15. g4 Nf6 16. Ng3 g5 17. Kh1 Ng6 18. Rg1 Nf4 19. h4 Bxg4 20. Be2 Qd7 21. Kh2 Kh8 22. Nf5 Bxf5 23. exf5 Qxf5 24. Bf1 gxh4 25. Qb4 Ng4+ 26. Kh1 Nxf2+ 27. Kh2 Nxd1 28. Qxb7 Qxc2+ 29. Bg2 Qf2 30. Rxd1 Qxg2# 0-1

[Event "Madrid Oliver Gonzalez Memorial-B 3rd"]
[Site "Madrid"]
[Date "2012.09.03"]
[Round "3"]
[White "Hernandez Ramos, David"]
[Black "Hernandez Ramos, Alberto"]
[Result "1-0"]
[WhiteElo "1661"]
[BlackElo "1422"]
[PlyCount "55"]
[EventDate "2012.09.01"]
[EventType "swiss"]
[EventRounds "9"]
[EventCountry "ESP"]
[SourceTitle "CBM 150 Extra"]
[Source "ChessBase"]
[SourceDate "2012.10.19"]
[SourceVersion "1"]
[SourceVersionDate "2012.10.19"]
[SourceQuality "1"]

1. d4 d5 2. g3 Nf6 3. Bg2 e6 4. Nf3 Nc6 5. Bf4 Bd6 6. Bxd6 Qxd6 7. c3 Bd7 8. 0-0 0-0 9. Nbd2 Rfe8 10. Qc2 h6 11. Rfe1 Ne7 12. Ne5 c5 13. Nxd7 Nxd7 14. dxc5 Qxc5 15. Rad1 Nb6 16. e4 Rad8 17. exd5 Nexd5 18. Ne4 Qb5 19. b3 Qa6 20. Qb2 Rd7 21. Nc5 Qa5 22. Nxd7 Nxd7 23. Bxd5 b6 24. Bc6 Rc8 25. Bxd7 Rxc3 26. b4 Qa3 27. Qxa3 Rxa3 28. Rd2 1-0